[Event "FRA-chT Top 12 (Women) GpA"]
[Site "Mulhouse"]
[Date "2023.05.19"]
[Round "2.2"]
[White "Choisy, Mathilde"]
[Black "Partac, Elena"]
[Result "0-1"]
[WhiteElo "2109"]
[BlackElo "2088"]
[PlyCount "50"]
[EventDate "2023.05.18"]
[EventType "team-tourn"]
[EventRounds "5"]
[EventCountry "FRA"]
[SourceTitle "CBM 214 Extra"]
[Source "ChessBase"]
[SourceDate "2023.07.31"]
[SourceVersion "1"]
[SourceVersionDate "2023.07.31"]
[SourceQuality "1"]
[WhiteTeam "Cannes (W)"]
[BlackTeam "Chalon (W)"]
[WhiteTeamCountry "FRA"]
[BlackTeamCountry "FRA"]

1. e4 c5 2. Nf3 e6 3. d4 cxd4 4. Qxd4 Qc7 5. Nc3 Nc6 6. Qe3 a6 7. h3 d6 8. b3 Nf6 9. Bb2 b5 10. 0-0-0 Bb7 11. Kb1 Rc8 12. Rd2 Be7 13. g4 b4 14. Na4 Nxe4 15. Re2 Ne5 16. Nxe5 dxe5 17. Rg1 Bg5 18. Qa7 Nd2+ 19. Rxd2 Bxd2 20. Bc4 0-0 21. Rd1 Bf4 22. Nb6 Rcd8 23. Re1 Qc6 24. Na4 Qf3 25. Qb6 Rd1+ 0-1

[Event "Europe Echecs Blitz Nov op"]
[Site "Europe Echecs INT"]
[Date "2020.11.08"]
[Round "7"]
[White "Partac, Elena"]
[Black "Dubois, Martine"]
[Result "1-0"]
[WhiteElo "2079"]
[BlackElo "1780"]
[PlyCount "115"]
[EventDate "2020.11.08"]
[EventType "swiss (blitz)"]
[EventRounds "11"]
[EventCountry "FRA"]
[SourceTitle "CBM 199 Extra"]
[Source "ChessBase"]
[SourceDate "2021.01.31"]
[SourceVersion "1"]
[SourceVersionDate "2021.01.31"]
[SourceQuality "1"]

1. e4 d5 2. exd5 Qxd5 3. Nc3 Qd6 4. g3 c6 5. Bg2 Bf5 6. d4 Nf6 7. Nge2 e6 8. 0-0 Be7 9. h3 Nd5 10. Ne4 Bxe4 11. Bxe4 Nf6 12. Bg2 0-0 13. c4 Rd8 14. b3 c5 15. Bxb7 Nc6 16. Bxa8 Rxa8 17. dxc5 Qxc5 18. Be3 Qh5 19. Nf4 Qf5 20. Qd3 Ne4 21. Rad1 Ne5 22. g4 Nxg4 23. hxg4 Qxg4+ 24. Ng2 h5 25. f3 Qg3 26. Qxe4 Bd6 27. f4 Rd8 28. Qf3 Qg6 29. Rde1 h4 30. f5 exf5 31. Qxf5 Qg3 32. Bf4 Bxf4 33. Qxf4 Qg6 34. Qxh4 f6 35. Re2 Qf7 36. Rfe1 Rf8 37. Re7 Qg6 38. Qf4 Qc2 39. Qf2 Qg6 40. Qe2 Qg3 41. Qe3 Qxe3+ 42. R1xe3 g5 43. Rh3 Rf7 44. Rxf7 Kxf7 45. Rh7+ Kg6 46. Rxa7 f5 47. c5 g4 48. c6 Kg5 49. c7 g3 50. c8Q f4 51. Qg8+ Kf5 52. Rf7+ Ke4 53. Qe8+ Kf3 54. Qc6+ Ke2 55. Re7+ Kd2 56. Rd7+ Ke2 57. Qe6+ Kf3 58. Rd3# 1-0

[Event "Europe Echecs Blitz Nov op"]
[Site "Europe Echecs INT"]
[Date "2020.11.08"]
[Round "2"]
[White "Shchekachev, Andrei"]
[Black "Partac, Elena"]
[Result "1-0"]
[WhiteElo "2515"]
[BlackElo "2079"]
[PlyCount "61"]
[EventDate "2020.11.08"]
[EventType "swiss (blitz)"]
[EventRounds "11"]
[EventCountry "FRA"]
[SourceTitle "CBM 199 Extra"]
[Source "ChessBase"]
[SourceDate "2021.01.31"]
[SourceVersion "1"]
[SourceVersionDate "2021.01.31"]
[SourceQuality "1"]

1. Nf3 c5 2. c4 Nf6 3. Nc3 g6 4. e4 d6 5. d4 cxd4 6. Nxd4 Bg7 7. Be2 0-0 8. 0-0 Nc6 9. Be3 Bd7 10. h3 Nxd4 11. Bxd4 Bc6 12. Qc2 Rc8 13. Rfd1 Nd7 14. Bxg7 Kxg7 15. Bg4 h5 16. Bxd7 Bxd7 17. b3 Be6 18. e5 Qa5 19. exd6 exd6 20. Rxd6 b5 21. Qb2 bxc4 22. Ne4+ Kh6 23. b4 Qf5 24. Qd4 c3 25. Nc5 Rxc5 26. Qxc5 Qxc5 27. bxc5 c2 28. Rc1 Bf5 29. g4 Be4 30. f3 Bxf3 31. Rxc2 1-0

[Event "FRA-ch Blitz Online Qual"]
[Site "Europe Echecs INT"]
[Date "2020.05.16"]
[Round "8"]
[White "Andre, Sebastien"]
[Black "Partac, Elena"]
[Result "0-1"]
[WhiteElo "1610"]
[BlackElo "2079"]
[PlyCount "38"]
[EventDate "2020.05.16"]
[EventType "swiss (blitz)"]
[EventRounds "15"]
[EventCountry "FRA"]
[SourceTitle "CBM 196 Extra"]
[Source "ChessBase"]
[SourceDate "2020.07.31"]
[SourceVersion "1"]
[SourceVersionDate "2020.07.31"]
[SourceQuality "1"]

1. b3 e5 2. Bb2 Nc6 3. e3 Nf6 4. Bb5 d6 5. d3 Be7 6. Nd2 a6 7. Bxc6+ bxc6 8. f4 Nd5 9. Ngf3 Nxe3 10. Qe2 Nxc2+ 11. Kf2 Nxa1 12. Bxa1 0-0 13. fxe5 dxe5 14. Nxe5 Bc5+ 15. d4 Bxd4+ 16. Kg3 Qg5+ 17. Ng4 Bxa1 18. Rxa1 Bxg4 19. Qxg4 Qe5+ 0-1

[Event "FRA-ch Blitz Online Qual"]
[Site "Europe Echecs INT"]
[Date "2020.05.16"]
[Round "2"]
[White "Partac, Elena"]
[Black "Bujisho, Benjamin"]
[Result "0-1"]
[WhiteElo "2079"]
[BlackElo "2290"]
[PlyCount "124"]
[EventDate "2020.05.16"]
[EventType "swiss (blitz)"]
[EventRounds "15"]
[EventCountry "FRA"]
[SourceTitle "CBM 196 Extra"]
[Source "ChessBase"]
[SourceDate "2020.07.31"]
[SourceVersion "1"]
[SourceVersionDate "2020.07.31"]
[SourceQuality "1"]

1. e4 c5 2. Nf3 d6 3. d4 cxd4 4. Qxd4 a6 5. c4 e5 6. Qe3 Nf6 7. Be2 Be7 8. h3 0-0 9. 0-0 Be6 10. Nc3 Nbd7 11. Rd1 Qc7 12. b3 Rfc8 13. Bb2 Qd8 14. Rac1 h6 15. Ba3 Qf8 16. Nd5 Bxd5 17. cxd5 Bd8 18. Rxc8 Rxc8 19. Nh4 Bb6 20. Qf3 Rc2 21. Nf5 Bc5 22. Bxc5 Nxc5 23. Bd3 Rc3 24. Qe2 g6 25. Ng3 Qc8 26. Bb1 Kg7 27. Qd2 Ncd7 28. f3 b5 29. Ne2 Rc7 30. Kh2 Nh5 31. Ng3 Nxg3 32. Kxg3 Nf6 33. Kh2 Nh5 34. g3 Rc3 35. Rf1 b4 36. Rf2 a5 37. Bd3 Qc5 38. Bc4 a4 39. Qe2 a3 40. Qd2 Nf6 41. Qe2 h5 42. h4 Qd4 43. Kg2 Nd7 44. Qd2 Qxd2 45. Rxd2 Nc5 46. Re2 f5 47. Kf2 Kf6 48. Kg2 g5 49. Kf2 f4 50. gxf4 gxf4 51. Kg2 Nd7 52. Kh3 Nf8 53. Kg2 Ng6 54. Rf2 Nxh4+ 55. Kh3 Nxf3 56. Kg2 Ng5 57. Rd2 Nxe4 58. Rd1 h4 59. Rh1 h3+ 60. Rxh3 Rxh3 61. Kxh3 Nd2 62. Bd3 Nxb3 0-1

[Event "Andorra op 37th"]
[Site "Escaldes"]
[Date "2019.07.27"]
[Round "1"]
[White "Partac, Elena"]
[Black "Vavulin, Maksim"]
[Result "0-1"]
[WhiteElo "2046"]
[BlackElo "2561"]
[PlyCount "72"]
[EventDate "2019.07.27"]
[EventType "swiss"]
[EventRounds "9"]
[EventCountry "AND"]
[SourceTitle "CBM 191 Extra"]
[Source "ChessBase"]
[SourceDate "2019.09.30"]
[SourceVersion "1"]
[SourceVersionDate "2019.09.30"]
[SourceQuality "1"]

1. e4 g6 2. d4 Bg7 3. Nc3 a6 4. Be3 b5 5. Bd3 Bb7 6. Qd2 d6 7. 0-0-0 Nd7 8. Kb1 Rc8 9. f4 c5 10. dxc5 Nxc5 11. Nf3 Nxd3 12. cxd3 Nf6 13. h3 0-0 14. Rc1 Qd7 15. Ne2 Bc6 16. Ned4 Ba8 17. Nb3 Qb7 18. Na5 Qb8 19. Nd4 Rxc1+ 20. Rxc1 Nd7 21. Ndc6 Qe8 22. Na7 f5 23. Qb4 Nf6 24. N7c6 Qf7 25. Bb6 fxe4 26. dxe4 Qe6 27. Qb3 Qxb3 28. axb3 Nxe4 29. Nxe7+ Kh8 30. f5 gxf5 31. Nac6 f4 32. Nd4 Nc5 33. Bxc5 Be4+ 34. Ka2 dxc5 35. Ne6 Re8 36. Rxc5 Bf6 0-1

[Event "FRA-chT Top 12 (Women) GpA"]
[Site "Rungis"]
[Date "2018.05.06"]
[Round "2.6"]
[White "Alexieva, Silvia"]
[Black "Partac, Elena"]
[Result "1-0"]
[WhiteElo "2269"]
[BlackElo "2091"]
[PlyCount "77"]
[EventDate "2018.05.05"]
[EventType "team-tourn"]
[EventRounds "5"]
[EventCountry "FRA"]
[SourceTitle "CBM 184 Extra"]
[Source "ChessBase"]
[SourceDate "2018.06.28"]
[SourceVersion "1"]
[SourceVersionDate "2018.06.28"]
[SourceQuality "1"]
[WhiteTeam "Nimois (W)"]
[BlackTeam "Vandoeuvre (W)"]
[WhiteTeamCountry "FRA"]
[BlackTeamCountry "FRA"]

1. d4 Nf6 2. Bf4 e6 3. e3 b6 4. h3 Bb7 5. Nf3 Be7 6. Bd3 0-0 7. Nbd2 c5 8. c3 d6 9. Bh2 Nbd7 10. Qe2 Rc8 11. 0-0 Qc7 12. a4 e5 13. dxe5 Nxe5 14. Nxe5 dxe5 15. Nc4 Nd7 16. Bf5 Qc6 17. e4 f6 18. Qg4 Rcd8 19. Ne3 Rfe8 20. Be6+ Kh8 21. Nd5 Bd6 22. Rfd1 Bc8 23. Bf7 Rf8 24. Qh5 Nb8 25. b4 Qb7 26. Bg6 h6 27. b5 Be6 28. c4 a5 29. Ra3 Rd7 30. Rad3 Bf7 31. Bxf7 Rfxf7 32. Qg6 Bf8 33. f4 exf4 34. Bxf4 Rd8 35. Bxh6 Rxd5 36. Rxd5 gxh6 37. Rd8 Qc7 38. Re8 f5 39. e5 1-0

[Event "Mare di Fano op 6th"]
[Site "Fano"]
[Date "2017.07.30"]
[Round "2"]
[White "Partac, Elena"]
[Black "Wieringa, Helmer"]
[Result "1-0"]
[WhiteElo "2108"]
[BlackElo "1966"]
[PlyCount "69"]
[EventDate "2017.07.29"]
[EventType "swiss"]
[EventRounds "9"]
[EventCountry "ITA"]
[SourceTitle "EXT 2018"]
[Source "ChessBase"]
[SourceDate "2017.10.13"]
[SourceVersion "1"]
[SourceVersionDate "2017.10.13"]
[SourceQuality "1"]

1. e4 e5 2. Nf3 Nc6 3. d4 exd4 4. Bc4 Nf6 5. 0-0 Bc5 6. c3 dxc3 7. Bxf7+ Kxf7 8. e5 d5 9. exf6 gxf6 10. Nxc3 Ne7 11. Nh4 c6 12. Qh5+ Ng6 13. Bh6 Bf8 14. Bxf8 Qxf8 15. Rfe1 Kg7 16. Re3 Nxh4 17. Qxh4 Bf5 18. Rae1 Rg8 19. Ne2 Kh8 20. Ng3 Bg6 21. Qf4 Re8 22. Rxe8 Bxe8 23. b4 Qg7 24. h4 Bg6 25. Qf3 Re8 26. Rxe8+ Bxe8 27. Nf5 Qg8 28. a3 Bg6 29. Nd4 Be4 30. Qf4 Qf7 31. f3 Bd3 32. h5 Qxh5 33. Qxf6+ Kg8 34. Ne6 Qf7 35. Qd8+ 1-0

[Event "Nancy Meurthe blitz"]
[Site "Nancy"]
[Date "2017.02.18"]
[Round "11"]
[White "Fridman, Daniel"]
[Black "Partac, Elena"]
[Result "1-0"]
[WhiteElo "2594"]
[BlackElo "2105"]
[PlyCount "79"]
[EventDate "2017.02.18"]
[EventType "swiss (blitz)"]
[EventRounds "11"]
[EventCountry "FRA"]
[SourceTitle "CBM 176 Extra"]
[Source "ChessBase"]
[SourceDate "2017.03.02"]
[SourceVersion "1"]
[SourceVersionDate "2017.03.02"]
[SourceQuality "1"]

1. d4 Nf6 2. Nf3 e6 3. c4 Bb4+ 4. Bd2 Qe7 5. Nc3 b6 6. g3 Bb7 7. Bg2 0-0 8. 0-0 Bxc3 9. Bxc3 Ne4 10. Rc1 Nxc3 11. Rxc3 Be4 12. Bh3 Bxf3 13. Rxf3 Nc6 14. Re3 Qf6 15. Rd3 d6 16. Bg2 d5 17. cxd5 exd5 18. Bxd5 Rad8 19. Bxc6 Qxc6 20. d5 Qd7 21. Qd2 Qh3 22. Rc1 Rd6 23. Qf4 Rf6 24. Qe4 Rh6 25. Qg2 Qd7 26. Rdc3 Rc8 27. h4 Rd6 28. e4 f6 29. Rc6 Rxc6 30. Rxc6 Re8 31. Qf3 Re7 32. Qf4 Kf7 33. Kg2 Kg8 34. h5 Re5 35. g4 h6 36. f3 Qe7 37. Qc1 f5 38. Rxc7 Qh4 39. Qf4 fxg4 40. Qf7+ 1-0

[Event "Olympiad Women-41"]
[Site "Tromsoe"]
[Date "2014.08.11"]
[Round "9.2"]
[White "Haast, Anne"]
[Black "Partac, Elena"]
[Result "1-0"]
[WhiteElo "2324"]
[BlackElo "2127"]
[PlyCount "147"]
[EventDate "2014.08.02"]
[EventType "team-swiss"]
[EventRounds "11"]
[EventCountry "NOR"]
[SourceTitle "CBM 162"]
[Source "ChessBase"]
[SourceDate "2014.09.17"]
[SourceVersion "1"]
[SourceVersionDate "2014.09.17"]
[SourceQuality "1"]
[WhiteTeam "Netherlands (W)"]
[BlackTeam "Moldova (W)"]
[WhiteTeamCountry "NED"]
[BlackTeamCountry "MDA"]

1. e4 c5 2. Nf3 e6 3. d4 cxd4 4. Nxd4 Nf6 5. Nc3 Nc6 6. Ndb5 Bb4 7. a3 Bxc3+ 8. Nxc3 d5 9. exd5 exd5 10. Bd3 0-0 11. 0-0 d4 12. Ne2 Bg4 13. f3 Bh5 14. Bg5 Bg6 15. Qd2 Qd6 16. Rad1 Rad8 17. Bh4 Rd7 18. Bg3 Qd5 19. Nf4 Qc5 20. b4 Qb6 21. Nxg6 hxg6 22. Rfe1 Rc8 23. Bf2 Qc7 24. Re2 Nh5 25. Rde1 Rf8 26. Re8 Rd8 27. Rxf8+ Kxf8 28. Qg5 Qf4 29. Qc5+ Qd6 30. Qxd6+ Rxd6 31. b5 Nd8 32. Rd1 Ne6 33. Bc4 Nhf4 34. Kf1 Nd5 35. Rd3 Ndf4 36. Rd2 Ke7 37. Bg3 Rd7 38. a4 Nd5 39. Bxd5 Rxd5 40. Ke2 Rc5 41. Bb8 Rc4 42. a5 Ra4 43. Bxa7 Rxa5 44. Bxd4 Nxd4+ 45. Rxd4 Rxb5 46. Kd3 Rb1 47. Kc4 Rb2 48. Rd2 Rb6 49. Kc5 Rb2 50. Kd4 g5 51. Kd3 Rb6 52. Re2+ Kf6 53. c4 Rd6+ 54. Kc3 Rb6 55. Kd4 Rd6+ 56. Kc5 Rc6+ 57. Kb5 Rd6 58. c5 Rd1 59. Rb2 Ke6 60. Kb6 Rd7 61. Re2+ Kf5 62. Re4 Kf6 63. g4 Rd5 64. Re8 Rd7 65. Rb8 Rd3 66. Kxb7 Rxf3 67. c6 Rb3+ 68. Kc8 Rc3 69. c7 Rc2 70. Rb5 Rxh2 71. Kb7 Rc2 72. c8Q Rxc8 73. Kxc8 Ke6 74. Rxg5 1-0

[Event "Olympiad Women-41"]
[Site "Tromsoe"]
[Date "2014.08.08"]
[Round "6.3"]
[White "Partac, Elena"]
[Black "Roy, Ali"]
[Result "1/2-1/2"]
[WhiteElo "2127"]
[BlackElo "1913"]
[PlyCount "67"]
[EventDate "2014.08.02"]
[EventType "team-swiss"]
[EventRounds "11"]
[EventCountry "NOR"]
[SourceTitle "CBM 162"]
[Source "ChessBase"]
[SourceDate "2014.09.17"]
[SourceVersion "1"]
[SourceVersionDate "2014.09.17"]
[SourceQuality "1"]
[WhiteTeam "Moldova (W)"]
[BlackTeam "Scotland (W)"]
[WhiteTeamCountry "MDA"]
[BlackTeamCountry "SCO"]

1. e4 c5 2. Nc3 Nc6 3. g3 g6 4. Bg2 Bg7 5. d3 d6 6. Nge2 e5 7. 0-0 Nge7 8. Be3 0-0 9. f4 Be6 10. Qd2 Qd7 11. Rf2 Rae8 12. Raf1 Nd4 13. Kh1 b5 14. Nc1 b4 15. Nd1 a5 16. fxe5 Bxe5 17. Bh6 Bg7 18. Qf4 f5 19. Bxg7 Kxg7 20. Qh4 d5 21. Ne3 Qd6 22. Nb3 a4 23. Nxd4 cxd4 24. Nxd5 Bxd5 25. exd5 Qe5 26. Qf4 Nxd5 27. Qxe5+ Rxe5 28. Bxd5 Rxd5 29. Re1 Rc5 30. Re6 Rf6 31. Re7+ Rf7 32. Re6 Rf6 33. Re7+ Rf7 34. Re6 1/2-1/2

[Event "Dubai op 16th"]
[Site "Dubai"]
[Date "2014.04.15"]
[Round "9"]
[White "Partac, Elena"]
[Black "Jumabayev, Rinat"]
[Result "0-1"]
[WhiteElo "2101"]
[BlackElo "2580"]
[PlyCount "108"]
[EventDate "2014.04.07"]
[EventType "swiss"]
[EventRounds "9"]
[EventCountry "UAE"]
[SourceTitle "CBM 159 Extra"]
[Source "ChessBase"]
[SourceDate "2014.04.24"]
[SourceVersion "1"]
[SourceVersionDate "2014.04.24"]
[SourceQuality "1"]

1. e4 c5 2. Nc3 e6 3. f4 d5 4. Nf3 dxe4 5. Nxe4 Be7 6. g3 Nf6 7. Nf2 0-0 8. Bg2 Nc6 9. 0-0 Qc7 10. b3 b6 11. Bb2 Bb7 12. Ne5 Rad8 13. Nxc6 Bxc6 14. Bxc6 Qxc6 15. d3 Rfe8 16. Ng4 Nxg4 17. Qxg4 Bf8 18. h4 Rd5 19. Qf3 Qd7 20. Rae1 b5 21. Re4 Rc8 22. Re5 c4 23. Rxd5 exd5 24. Bd4 cxd3 25. cxd3 Qh3 26. Qg2 Qf5 27. Qe2 a6 28. Kg2 h5 29. Rf2 Rc1 30. Rf1 Rc6 31. Rf2 Rg6 32. Rf1 Bd6 33. Kh2 Kh7 34. Qf3 Rg4 35. Qe2 Bxf4 36. Rxf4 Rxf4 37. gxf4 Qxf4+ 38. Kh3 Qxd4 39. Qxh5+ Kg8 40. Qf5 Qe3+ 41. Kg2 Qe6 42. Qf3 Qe5 43. Qg4 g6 44. Qc8+ Kg7 45. Qxa6 Qe2+ 46. Kg1 Qxd3 47. a4 Qe3+ 48. Kg2 d4 49. axb5 d3 50. b6 d2 51. Qa1+ Kh7 52. Qf1 Qxb3 53. b7 Qxb7+ 54. Kf2 Qb3 0-1

[Event "Dubai op 16th"]
[Site "Dubai"]
[Date "2014.04.14"]
[Round "8"]
[White "Krishna, C Revanth Gopala"]
[Black "Partac, Elena"]
[Result "1-0"]
[WhiteElo "2343"]
[BlackElo "2101"]
[PlyCount "63"]
[EventDate "2014.04.07"]
[EventType "swiss"]
[EventRounds "9"]
[EventCountry "UAE"]
[SourceTitle "CBM 159 Extra"]
[Source "ChessBase"]
[SourceDate "2014.04.24"]
[SourceVersion "1"]
[SourceVersionDate "2014.04.24"]
[SourceQuality "1"]

1. d4 Nf6 2. Nf3 e6 3. e3 b6 4. Bd3 Bb7 5. 0-0 c5 6. c4 Be7 7. Nc3 cxd4 8. exd4 d6 9. d5 e5 10. Nh4 g6 11. Bh6 Bf8 12. Bxf8 Kxf8 13. Qd2 Ng4 14. f3 Qxh4 15. fxg4 Kg7 16. Ne4 Qe7 17. Rf6 Nd7 18. g5 Rad8 19. Raf1 Nc5 20. Qf2 Rhf8 21. Qh4 Nxe4 22. Qh6+ Kg8 23. Bxe4 Qc7 24. b3 Qc5+ 25. Kh1 Qd4 26. Bc2 b5 27. h3 bxc4 28. Rxf7 Rxf7 29. Rxf7 Kxf7 30. Qxh7+ Kf8 31. Bxg6 Qd1+ 32. Kh2 1-0

[Event "Dubai op 16th"]
[Site "Dubai"]
[Date "2014.04.08"]
[Round "2"]
[White "Stojanovic, Mihajlo"]
[Black "Partac, Elena"]
[Result "1-0"]
[WhiteElo "2568"]
[BlackElo "2101"]
[PlyCount "79"]
[EventDate "2014.04.07"]
[EventType "swiss"]
[EventRounds "9"]
[EventCountry "UAE"]
[SourceTitle "CBM 159 Extra"]
[Source "ChessBase"]
[SourceDate "2014.04.24"]
[SourceVersion "1"]
[SourceVersionDate "2014.04.24"]
[SourceQuality "1"]

1. Nf3 c5 2. c4 Nc6 3. d4 cxd4 4. Nxd4 g6 5. e4 Bg7 6. Be3 Nf6 7. Nc3 0-0 8. Be2 d6 9. 0-0 Bd7 10. Qd2 Nxd4 11. Bxd4 Bc6 12. f3 a5 13. b3 Nd7 14. Bf2 Nc5 15. Rab1 Qc7 16. Nd5 Bxd5 17. exd5 Rfc8 18. Rfd1 Qd8 19. Bf1 Qf8 20. g3 h5 21. Bh3 Rc7 22. Re1 Bf6 23. f4 Qh6 24. Re2 Qh8 25. Rc1 Qg7 26. Kh1 Kh7 27. Bg2 Kg8 28. h4 Ba1 29. Bxc5 dxc5 30. d6 exd6 31. Qxd6 Rcc8 32. Bxb7 Re8 33. Rce1 Rxe2 34. Rxe2 Rf8 35. Qxc5 Qc3 36. Kg2 Qd3 37. Bf3 Bd4 38. Qxa5 Qd1 39. Qe1 Qd3 40. Qd2 1-0

[Event "Mediterranean Flower (Women) 13th"]
[Site "Rijeka"]
[Date "2013.03.09"]
[Round "1"]
[White "Partac, Elena"]
[Black "Vujic, Agata"]
[Result "1-0"]
[WhiteElo "2101"]
[BlackElo "1585"]
[PlyCount "105"]
[EventDate "2013.03.09"]
[EventType "swiss"]
[EventRounds "9"]
[EventCountry "CRO"]
[SourceTitle "CBM 153 Extra"]
[Source "ChessBase"]
[SourceDate "2013.04.22"]
[SourceVersion "1"]
[SourceVersionDate "2013.04.22"]
[SourceQuality "1"]

1. e4 e5 2. Nf3 Nf6 3. Nxe5 d6 4. Nf3 Nxe4 5. Qe2 Qe7 6. d3 Nf6 7. Bg5 Be6 8. Nc3 Nc6 9. d4 0-0-0 10. d5 Bxd5 11. Nxd5 Qxe2+ 12. Bxe2 Nxd5 13. Bxd8 Nxd8 14. Nd4 Be7 15. 0-0-0 Bf6 16. Rhe1 Kb8 17. Bf3 Nb6 18. c3 Nd7 19. g3 Ne5 20. Bg2 Re8 21. Nf3 Ndc6 22. Kc2 Re7 23. Nxe5 Nxe5 24. f4 Ng6 25. Bd5 c6 26. Rxe7 Nxe7 27. Bxf7 Kc7 28. Re1 h6 29. g4 a6 30. Rg1 Nc8 31. g5 hxg5 32. fxg5 Be7 33. Be6 Nb6 34. h4 Kd8 35. h5 Ke8 36. h6 gxh6 37. g6 Bf6 38. g7 Bxg7 39. Rxg7 Na4 40. b4 Nb6 41. Rxb7 Nd5 42. Bxd5 cxd5 43. a4 Kd8 44. Kd3 Kc8 45. Rh7 Kd8 46. Kd4 h5 47. Kxd5 h4 48. Kxd6 Ke8 49. b5 axb5 50. axb5 h3 51. b6 h2 52. b7 h1Q 53. b8Q# 1-0

[Event "Mexico City UNAM Prelim-B (Women)"]
[Site "Mexico City"]
[Date "2012.11.20"]
[Round "5"]
[White "Esquivel de Leon, Aurora"]
[Black "Partac, Elena"]
[Result "0-1"]
[WhiteElo "1965"]
[BlackElo "2086"]
[PlyCount "100"]
[EventDate "2012.11.16"]
[EventType "tourn (rapid)"]
[EventRounds "20"]
[EventCountry "MEX"]
[SourceTitle "CBM 151 Extra"]
[Source "ChessBase"]
[SourceDate "2012.12.18"]
[SourceVersion "1"]
[SourceVersionDate "2012.12.18"]
[SourceQuality "1"]

1. c4 e5 2. Nc3 Nc6 3. Nf3 g6 4. g3 Bg7 5. Bg2 d6 6. 0-0 Be6 7. d3 Qd7 8. Nd5 h6 9. Rb1 Nce7 10. Nd2 c6 11. Nxe7 Nxe7 12. b4 Bh3 13. Qb3 0-0 14. Ne4 Bxg2 15. Kxg2 Kh7 16. c5 d5 17. Nd6 Nc8 18. Nxc8 Raxc8 19. e4 dxe4 20. dxe4 Qd4 21. Qe3 f5 22. Re1 fxe4 23. Qxd4 exd4 24. Rxe4 Rce8 25. f3 Rxe4 26. fxe4 Re8 27. Kf3 g5 28. h3 a6 29. Bb2 Be5 30. Rd1 Rd8 31. Rd3 Kg6 32. g4 Rf8+ 33. Ke2 Rf4 34. Rf3 d3+ 35. Rxd3 Bxb2 36. Rd6+ Rf6 37. Rd7 Rf7 38. Rd6+ Kg7 39. Ke3 Bc3 40. Rd3 Bxb4 41. Rb3 Bxc5+ 42. Kd3 Rf3+ 43. Kc4 Rxb3 44. axb3 b6 45. b4 Bd6 46. Kd4 Bxb4 47. Ke5 a5 48. Ke6 a4 49. e5 a3 50. Kd7 a2 0-1